The design patterns smalltalk companion

Αποθηκεύτηκε σε:
Λεπτομέρειες βιβλιογραφικής εγγραφής
Κύριος συγγραφέας: Alpert, Sherman R.
Άλλοι συγγραφείς: Brown, Kyle, Woolf, Bobby
Μορφή: Βιβλίο
Γλώσσα:English
Δημοσίευση: Reading, Mass. : Addison-Wesley, c1998
Σειρά:Software patterns series
Θέματα:
Ετικέτες: Προσθήκη ετικέτας
Δεν υπάρχουν, Καταχωρήστε ετικέτα πρώτοι!

MARC

LEADER 00000nam a2200000 i 4500
001 1/98621
008 000124s1998 eng d
020 |a 0201184621 
035 |l 10056581 
040 |a GR-MY-UA  |b gre  |e aacr 
041 0 |a eng 
082 0 |a 005.133 
100 1 |a Alpert, Sherman R. 
245 1 4 |a The design patterns smalltalk companion /  |c Sherman R. Alpert, Kyle Brownn, Bobby Woolf 
260 |a Reading, Mass. :   |b Addison-Wesley,   |c c1998 
300 |a xiii, 444 p.;  |b ill.;  |c 25 cm. 
490 1 |a Software patterns series 
504 |a Includes bibliographical references and index 
650 0 0 |a Object-oriented programming (Computer science) 
650 0 0 |a Smalltalk (Computer program language) 
650 0 0 |a Software patterns. 
700 1 |a Brown, Kyle. 
700 1 |a Woolf, Bobby. 
830 0 |a Software patterns series 
852 |a INST  |b SAMOS  |e 20000124  |h 005.133 ALP  |p 005300015980  |q 005300015980  |t BK  |y 0 
901 |a BIBL3-2000-1 
909 |a Σ  |b 071314 
922 |a 3ΕΛΗ  |b 199912  |c ΤΠΕΣ  |d ΠΑΠΑΣΩΤΗΡΙΟΥ 
970 |a ΓΕΝΟΥΖΟΥ  |b ΧΡΥΣΑΝΘΗ  |z 2000/01/24